Ngữ pháp và chính tả tiếng Pháp dành cho mọi người

Đã lưu trong:
书目详细资料
格式: 图书
标签: 添加标签
没有标签, 成为第一个标记此记录!
Thư viện lưu trữ: Mạng thư viện Đại học Đà Nẵng
LEADER 00460nam a22001691a 4500
001 000036398
003 12693
005 20160408151544.0
008 160408s0 000
082 |a 4P(07) 3-4 
245 |a Ngữ pháp và chính tả tiếng Pháp dành cho mọi người  |c Lê Hồng Phương 
OWN |a LNN 
999 |a From the UDN01 
TYP |a Monograph 
980 |a Mạng thư viện Đại học Đà Nẵng